[Event "EU-ch Cities&Town U18 op"]
[Site "Tornelo INT"]
[Date "2023.01.29"]
[Round "?"]
[White "Botica, Viseslav"]
[Black "Gavker, Markiyan"]
[Result "0-1"]
[WhiteElo "1072"]
[BlackElo "1310"]
[PlyCount "90"]
[EventDate "2023.01.29"]
[EventType "team-swiss"]
[EventRounds "9"]
[EventCountry "NET"]
[SourceTitle "CBM 212 Extra"]
[Source "ChessBase"]
[SourceDate "2023.03.31"]
[SourceVersion "1"]
[SourceVersionDate "2023.03.31"]
[SourceQuality "1"]
[WhiteTeam "Zagreb"]
[BlackTeam "Lvov"]
[WhiteTeamCountry "CRO"]
[BlackTeamCountry "UKR"]

1. e4 c5 2. Nf3 Nc6 3. c3 e5 4. d4 exd4 5. cxd4 cxd4 6. Nxd4 Bb4+ 7. Nc3 Bxc3+ 8. bxc3 Nge7 9. Bg5 Qa5 10. Qd2 Nxd4 11. cxd4 Qxd2+ 12. Kxd2 f6 13. Bf4 d5 14. e5 Nc6 15. exf6 gxf6 16. Bb5 Bf5 17. Rac1 Kd7 18. Bxc6+ bxc6 19. Rb1 Bxb1 20. Rxb1 Rhg8 21. g3 h5 22. Rb7+ Ke6 23. Rc7 Rgc8 24. Rh7 Rh8 25. Rc7 Rac8 26. Rxa7 Ra8 27. Rc7 Rxa2+ 28. Ke3 Re8 29. Kf3 Rc2 30. Rh7 Rc4 31. Be3 Kf5 32. Rxh5+ Kg6 33. Rh6+ Kg7 34. h4 Rc3 35. Rh5 Re4 36. Ke2 Kg6 37. Rh6+ Kg7 38. Rh5 Rc4 39. Kd3 Ra4 40. Kd2 Ra2+ 41. Kd3 Re8 42. Kc3 Rb8 43. Rf5 Rab2 44. Bh6+ Kxh6 45. Rxf6+ Kg7 0-1

[Event "Chernonograd Katsan Memorial 2nd"]
[Site "Chernonograd"]
[Date "2023.01.22"]
[Round "8"]
[White "Gavker, Markiyan"]
[Black "Karpinets, Andrian"]
[Result "0-1"]
[WhiteElo "1375"]
[BlackElo "1450"]
[PlyCount "90"]
[EventDate "2023.01.22"]
[EventType "swiss"]
[EventRounds "9"]
[EventCountry "UKR"]
[SourceTitle "CBM 212 Extra"]
[Source "ChessBase"]
[SourceDate "2023.03.31"]
[SourceVersion "1"]
[SourceVersionDate "2023.03.31"]
[SourceQuality "1"]

1. e4 c5 2. Nf3 Nc6 3. d4 cxd4 4. Nxd4 e5 5. Nb3 Nf6 6. Nc3 Bb4 7. Bd3 d5 8. exd5 Nxd5 9. Bd2 Nxc3 10. bxc3 Be7 11. 0-0 0-0 12. f4 a5 13. a4 Be6 14. Be3 exf4 15. Bxf4 Bf6 16. Qd2 Qd5 17. Rad1 Qh5 18. Be2 Bg4 19. Bxg4 Qxg4 20. Nd4 Rad8 21. Qf2 Nxd4 22. cxd4 Rfe8 23. c3 Re2 24. Qf3 Qxf3 25. Rxf3 Rc8 26. Ra1 Rc2 27. Ra3 R2xc3 28. Be5 Rxa3 29. Rxa3 Bxe5 30. dxe5 Kf8 31. Kf2 Ke7 32. Rb3 Rc4 33. Rxb7+ Ke6 34. Ra7 Rxa4 35. h3 Ra3 36. Ke2 Ra1 37. Kf2 a4 38. Ra5 a3 39. g4 h6 40. Kg2 Ra2+ 41. Kg3 Ra1 42. Kg2 h5 43. gxh5 a2 44. h4 Kf5 45. Ra4 Kxe5 0-1

[Event "Chernonograd Katsan Memorial 2nd"]
[Site "Chernonograd"]
[Date "2023.01.22"]
[Round "5"]
[White "Kutyra, Myroslav"]
[Black "Gavker, Markiyan"]
[Result "0-1"]
[WhiteElo "1764"]
[BlackElo "1375"]
[PlyCount "46"]
[EventDate "2023.01.22"]
[EventType "swiss"]
[EventRounds "9"]
[EventCountry "UKR"]
[SourceTitle "CBM 212 Extra"]
[Source "ChessBase"]
[SourceDate "2023.03.31"]
[SourceVersion "1"]
[SourceVersionDate "2023.03.31"]
[SourceQuality "1"]

1. d4 Nf6 2. Nf3 d5 3. e3 e6 4. Bd3 Bd6 5. 0-0 0-0 6. Nbd2 Bd7 7. c4 c6 8. Re1 Bc7 9. e4 dxe4 10. Nxe4 Nxe4 11. Rxe4 Na6 12. Rh4 h6 13. Bxh6 gxh6 14. Qd2 Qf6 15. Rxh6 Qf4 16. Qxf4 Bxf4 17. Re1 Bxh6 18. Ne5 Rad8 19. Re4 f5 20. Rh4 Bg5 21. Rh3 Bf4 22. Ng6 Bd6 23. c5 Bc7 0-1